| 000 | 00000nam 2200000zi 4500 |
| 001 | 9.931868 |
| 003 | CaOODSP |
| 005 | 20241118145501 |
| 006 | m o d f |
| 007 | cr |n||||||||| |
| 008 | 231229e198111##quc ob f|0| 0 fre d |
| 040 | |aCaOODSP|bfre|erda|cCaOODSP |
| 043 | |an-cn-qu |
| 086 | 1 |aCW66-1444/1981F-PDF |
| 100 | 1 |aLehoux, Denis, |eauteur. |
| 245 | 10|aEffet de l'endiguement des marais Saint-Louis/Saint-Germain sur les oiseaux migrateurs et leurs habitats / |cpar Denis Lehoux et Jean Gauthier. |
| 264 | 1|a[Sainte-Foy, Québec] : |bEnvironnement Canada, Service canadien de la faune, |cnovembre 1981. |
| 300 | |a1 ressource en ligne (ii, 15 pages) |
| 336 | |atexte|btxt|2rdacontent/fre |
| 337 | |ainformatique|bc|2rdamedia/fre |
| 338 | |aressource en ligne|bcr|2rdacarrier/fre |
| 500 | |aÉdition numérisée de l’imprimé [par Environnement et changement climatique Canada]. |
| 504 | |aComprend des références bibliographiques. |
| 650 | 0|aDams|xEnvironmental aspects|zQuébec (Province) |
| 650 | 0|aMigratory birds|xHabitat|zQuébec (Province) |
| 650 | 6|aBarrages|xAspect de l'environnement|zQuébec (Province) |
| 650 | 6|aOiseaux migrateurs|xHabitat|zQuébec (Province) |
| 710 | 1 |aCanada. |bEnvironnement Canada, |eorganisme de publication. |
| 710 | 2 |aService canadien de la faune, |eorganisme de publication. |
| 856 | 40|qPDF|s574 Ko|uhttps://publications.gc.ca/collections/collection_2024/eccc/cw66/CW66-1444-1981-fra.pdf |